000 00378 a2200169 4500
001 187308
020 _a85-322-0119-9
040 _cMagnum
100 _aMoraes, Antonieta Dias de
240 1 0 _aUrubu queria ser passarinho
_lpor
245 1 0 _aUrubu queria ser passarinho
300 _a24
362 0 _a1997
440 1 _aFTD
697 _aLITERATURA INFANTO
942 _cBK
999 _c187308
_d187308